[Event "Chigorin Memorial 26th"]
[Site "St Petersburg"]
[Date "2018.11.01"]
[Round "6"]
[White "Myshkovskiy, Sviatoslav"]
[Black "Gitelson, Arkady"]
[Result "0-1"]
[WhiteElo "2046"]
[BlackElo "2264"]
[PlyCount "84"]
[EventDate "2018.10.27"]
[EventType "swiss"]
[EventRounds "9"]
[EventCountry "RUS"]
[SourceTitle "CBM 187 Extra"]
[Source "ChessBase"]
[SourceDate "2018.11.04"]
[SourceVersion "1"]
[SourceVersionDate "2018.11.04"]
[SourceQuality "1"]

1. d4 Nf6 2. c4 c5 3. d5 b5 4. cxb5 a6 5. bxa6 g6 6. Nc3 Bxa6 7. Nf3 Bg7 8. g3 d6 9. Bg2 Nbd7 10. Rb1 Nb6 11. 0-0 Nfd7 12. Qc2 0-0 13. Rd1 Nc4 14. b3 Qa5 15. Na4 Bb5 16. e4 Nde5 17. Nxe5 Nxe5 18. Nc3 Bd3 19. Rxd3 Nxd3 20. Qxd3 Qxc3 21. Qxc3 Bxc3 22. a3 e6 23. Bf1 Rfb8 24. Bd3 Kf8 25. Kf1 Ke7 26. Ke2 Kd7 27. Bc2 exd5 28. exd5 Re8+ 29. Kd3 Bd4 30. f3 Re1 31. a4 Rf1 32. f4 Rf3+ 33. Ke2 Rf2+ 34. Kd3 Rxh2 35. b4 Bg7 36. bxc5 dxc5 37. Bd1 c4+ 38. Ke4 Re8+ 39. Kf3 Re1 40. Ba3 Bd4 41. a5 f5 42. Ba4+ Kc8 0-1

[Event "Chigorin Memorial 26th"]
[Site "St Petersburg"]
[Date "2018.10.31"]
[Round "5"]
[White "Fraiman, Dmitry"]
[Black "Myshkovskiy, Sviatoslav"]
[Result "1/2-1/2"]
[WhiteElo "2323"]
[BlackElo "2046"]
[PlyCount "120"]
[EventDate "2018.10.27"]
[EventType "swiss"]
[EventRounds "9"]
[EventCountry "RUS"]
[SourceTitle "CBM 187 Extra"]
[Source "ChessBase"]
[SourceDate "2018.11.04"]
[SourceVersion "1"]
[SourceVersionDate "2018.11.04"]
[SourceQuality "1"]

1. Nc3 Nf6 2. e4 e5 3. f4 d5 4. fxe5 Nxe4 5. d3 Nxc3 6. bxc3 Be7 7. Nf3 0-0 8. d4 c5 9. Be2 Nc6 10. 0-0 c4 11. Bf4 Be6 12. Qd2 f6 13. Rab1 fxe5 14. Nxe5 Nxe5 15. Bxe5 Rxf1+ 16. Rxf1 Bd6 17. Qf4 Bxe5 18. dxe5 Qe7 19. Qd4 b6 20. Bf3 Rd8 21. h3 h6 22. Rd1 Kh8 23. Kh2 Qg5 24. a4 Qf5 25. Rd2 Rd7 26. Qe3 Qf8 27. Rd4 Kh7 28. Qd2 Qf5 29. Qe2 Kh8 30. Kh1 Qg5 31. Kh2 Kh7 32. Qe1 Kh8 33. Qg3 Qxg3+ 34. Kxg3 Kg8 35. Kf4 Kf8 36. Ke3 Ke7 37. Rd1 Kd8 38. Kd4 Ke7 39. Ra1 Bf5 40. Ra2 Ke6 41. Rb2 Be4 42. Bg4+ Bf5 43. Bf3 Be4 44. Bg4+ Bf5 45. Bxf5+ Kxf5 46. Rb5 Ke6 47. a5 Rf7 48. g3 Rf1 49. axb6 Rd1+ 50. Ke3 axb6 51. Rxb6+ Kxe5 52. Rg6 Rh1 53. Rxg7 Rxh3 54. Rg8 Rh2 55. Re8+ Kd6 56. Rd8+ Ke6 57. Re8+ Kd7 58. Rh8 Rxc2 59. Kd4 Rd2+ 60. Kc5 Rd3 1/2-1/2

[Event "Chigorin Memorial 26th"]
[Site "St Petersburg"]
[Date "2018.10.30"]
[Round "4"]
[White "Myshkovskiy, Sviatoslav"]
[Black "Bodnaruk, Kseniya"]
[Result "1-0"]
[WhiteElo "2046"]
[BlackElo "1777"]
[PlyCount "57"]
[EventDate "2018.10.27"]
[EventType "swiss"]
[EventRounds "9"]
[EventCountry "RUS"]
[SourceTitle "CBM 187 Extra"]
[Source "ChessBase"]
[SourceDate "2018.11.04"]
[SourceVersion "1"]
[SourceVersionDate "2018.11.04"]
[SourceQuality "1"]

1. d4 d5 2. c4 e6 3. Nc3 Nf6 4. Nf3 Be7 5. Bf4 0-0 6. e3 c6 7. c5 Nbd7 8. Bd3 b6 9. b4 bxc5 10. bxc5 Re8 11. Qa4 Nh5 12. Qxc6 Nxf4 13. exf4 Qa5 14. Rc1 Rb8 15. 0-0 Nf6 16. Ne5 Rb4 17. Nb5 Rd8 18. Nd6 Rb8 19. Ndxf7 Bd7 20. Nxd7 Rxd7 21. Qxe6 Kf8 22. Ne5 Bd8 23. Nxd7+ Nxd7 24. Qxd7 Be7 25. Rce1 Re8 26. Bb5 Qd8 27. Qxe8+ Qxe8 28. Bxe8 Kxe8 29. c6 1-0

[Event "Chigorin Memorial 26th"]
[Site "St Petersburg"]
[Date "2018.10.29"]
[Round "3"]
[White "Suleymenov, Alisher"]
[Black "Myshkovskiy, Sviatoslav"]
[Result "1-0"]
[WhiteElo "2331"]
[BlackElo "2046"]
[PlyCount "63"]
[EventDate "2018.10.27"]
[EventType "swiss"]
[EventRounds "9"]
[EventCountry "RUS"]
[SourceTitle "CBM 187 Extra"]
[Source "ChessBase"]
[SourceDate "2018.11.04"]
[SourceVersion "1"]
[SourceVersionDate "2018.11.04"]
[SourceQuality "1"]

1. d4 Nf6 2. c4 e6 3. g3 d5 4. Nf3 Be7 5. Bg2 0-0 6. 0-0 dxc4 7. Qc2 b6 8. Bg5 Nd5 9. Bxe7 Qxe7 10. Qxc4 Ba6 11. Qc2 c5 12. Nc3 Bb7 13. Nxd5 Bxd5 14. dxc5 Rc8 15. b4 a5 16. a3 axb4 17. axb4 Rxa1 18. Rxa1 bxc5 19. b5 f5 20. Qb2 Qb7 21. Nh4 Nd7 22. Ra6 c4 23. Rxe6 c3 24. Qc1 Bxg2 25. Re7 Rf8 26. Qxc3 Rf7 27. Rxf7 Kxf7 28. Nxf5 Qd5 29. Qxg7+ Ke6 30. Ne3 Qxb5 31. Qg4+ Ke7 32. Kxg2 1-0

[Event "Chigorin Memorial 25th"]
[Site "St Petersburg"]
[Date "2017.10.26"]
[Round "6"]
[White "Klepikov, Nikita"]
[Black "Myshkovskiy, Sviatoslav"]
[Result "1-0"]
[WhiteElo "2272"]
[BlackElo "2062"]
[PlyCount "59"]
[EventDate "2017.10.21"]
[EventType "swiss"]
[EventRounds "9"]
[EventCountry "RUS"]
[SourceTitle "CBM 181 Extra"]
[Source "ChessBase"]
[SourceDate "2017.12.12"]
[SourceVersion "1"]
[SourceVersionDate "2017.12.12"]
[SourceQuality "1"]

1. e4 e5 2. Nf3 Nc6 3. Bb5 Nf6 4. Qe2 Bc5 5. c3 0-0 6. d3 d5 7. Bg5 Re8 8. Nbd2 a5 9. Bxf6 gxf6 10. Nh4 f5 11. Nxf5 Bxf5 12. exf5 Qg5 13. g4 e4 14. dxe4 dxe4 15. Nxe4 Qf4 16. f3 Re7 17. Bxc6 bxc6 18. Kd1 Be3 19. Nf6+ Kh8 20. Kc2 Qa4+ 21. b3 Qa3 22. Ne4 Bf4 23. Rhd1 Qc5 24. Qd3 Qe5 25. h3 a4 26. Qd4 axb3+ 27. axb3 Rxa1 28. Rxa1 f6 29. Ra8+ Kg7 30. Qd8 1-0

[Event "Chigorin Memorial 25th"]
[Site "St Petersburg"]
[Date "2017.10.25"]
[Round "5"]
[White "Myshkovskiy, Sviatoslav"]
[Black "Vaishali, Ramesh Babu"]
[Result "0-1"]
[WhiteElo "2062"]
[BlackElo "2330"]
[PlyCount "94"]
[EventDate "2017.10.21"]
[EventType "swiss"]
[EventRounds "9"]
[EventCountry "RUS"]
[SourceTitle "CBM 181 Extra"]
[Source "ChessBase"]
[SourceDate "2017.12.12"]
[SourceVersion "1"]
[SourceVersionDate "2017.12.12"]
[SourceQuality "1"]

1. d4 d5 2. c4 Nc6 3. e3 e5 4. dxe5 d4 5. Nf3 Bb4+ 6. Bd2 dxe3 7. fxe3 Bg4 8. Be2 Bxf3 9. Bxf3 Qh4+ 10. g3 Qxc4 11. Qe2 Qc1+ 12. Kf2 Qxb2 13. Bxc6+ bxc6 14. Bxb4 Qxb4 15. Nd2 Nh6 16. Rab1 Qe7 17. Nc4 0-0 18. Rhf1 Qe6 19. Kg1 Ng4 20. Rf4 Nxe5 21. Rc1 Ng6 22. Rd4 Rad8 23. Qd3 Rd5 24. Qa3 Rxd4 25. exd4 Qg4 26. Qe3 Rd8 27. Ne5 Nxe5 28. Qxe5 Qxd4+ 29. Qxd4 Rxd4 30. Rxc6 Rd1+ 31. Kg2 Rd2+ 32. Kg1 Rxa2 33. Rxc7 h5 34. h4 g6 35. Rb7 Kg7 36. Kh1 Kf6 37. Kg1 Ke6 38. Kh1 f6 39. Rb5 a6 40. Rb6+ Ke5 41. Rc6 Kf5 42. Kg1 a5 43. Rc4 Re2 44. Kf1 Re4 45. Rc6 Re6 46. Rc4 Ke5 47. Ke2 Kd5+ 0-1

[Event "St Petersburg Summer op"]
[Site "St Petersburg"]
[Date "2017.08.22"]
[Round "7"]
[White "Kirchei, Viktoriia"]
[Black "Myshkovskiy, Sviatoslav"]
[Result "1-0"]
[WhiteElo "1904"]
[BlackElo "2072"]
[PlyCount "105"]
[EventDate "2017.08.16"]
[EventType "swiss"]
[EventRounds "9"]
[EventCountry "RUS"]
[SourceTitle "CBM 180 Extra"]
[Source "ChessBase"]
[SourceDate "2017.10.06"]
[SourceVersion "1"]
[SourceVersionDate "2017.10.06"]
[SourceQuality "1"]

1. e4 e5 2. Nf3 Nc6 3. Nc3 Nf6 4. d4 exd4 5. Nxd4 Bb4 6. Nxc6 bxc6 7. Bd3 d5 8. exd5 cxd5 9. 0-0 0-0 10. Bg5 c6 11. Qf3 Bd6 12. h3 h6 13. Bxf6 Qxf6 14. Qxf6 gxf6 15. Ne2 Rb8 16. b3 c5 17. Rad1 Be6 18. Ng3 c4 19. Bf5 Rfd8 20. Rd4 Be5 21. Rg4+ Kf8 22. Bxe6 fxe6 23. Rg6 Kf7 24. Rxh6 Kg7 25. Rh4 d4 26. Rd1 Bxg3 27. Rg4+ Kf7 28. Rxg3 cxb3 29. axb3 Rbc8 30. c3 dxc3 31. Rxd8 Rxd8 32. Rxc3 Rd1+ 33. Kh2 Rb1 34. Rc7+ Kg6 35. Rc3 e5 36. Kg3 Rb2 37. Kf3 a5 38. g3 Ra2 39. Re3 a4 40. bxa4 Rxa4 41. Rb3 Ra2 42. g4 Ra1 43. Kg3 Rg1+ 44. Kh2 Ra1 45. h4 Ra4 46. Kg3 Ra6 47. h5+ Kh6 48. Rf3 Rb6 49. Kh4 Ra6 50. Rxf6+ Rxf6 51. g5+ Kg7 52. gxf6+ Kxf6 53. Kg4 1-0

[Event "Chigorin Memorial 24th"]
[Site "St Petersburg"]
[Date "2016.10.21"]
[Round "7"]
[White "Tsao, Yui"]
[Black "Myshkovskiy, Sviatoslav"]
[Result "0-1"]
[WhiteElo "1768"]
[BlackElo "2093"]
[PlyCount "140"]
[EventDate "2016.10.15"]
[EventType "swiss"]
[EventRounds "9"]
[EventCountry "RUS"]
[SourceTitle "CBM 175 Extra"]
[Source "ChessBase"]
[SourceDate "2016.12.12"]
[SourceVersion "1"]
[SourceVersionDate "2016.12.12"]
[SourceQuality "1"]

1. b3 Nf6 2. Bb2 g6 3. e4 c5 4. Nf3 d6 5. Be2 Bg7 6. 0-0 Nc6 7. d3 0-0 8. Na3 Bd7 9. Nc4 b5 10. Ne3 e5 11. a4 bxa4 12. bxa4 Rb8 13. Bc1 Nd4 14. Nxd4 cxd4 15. Nc4 Ne8 16. f4 Be6 17. Nd2 f5 18. Nf3 exf4 19. Bxf4 fxe4 20. Ng5 Rxf4 21. Nxe6 Rxf1+ 22. Qxf1 Qe7 23. Nxg7 Kxg7 24. dxe4 Qxe4 25. Bd3 Qe3+ 26. Kh1 Rb7 27. Re1 Rf7 28. Qg1 Qxg1+ 29. Kxg1 Nf6 30. Bc4 Rb7 31. Bb5 Rc7 32. Bd3 Kf7 33. Kf2 Ng4+ 34. Kg3 Ne3 35. Re2 Ke6 36. Rf2 Ke5 37. Kh4 Nf5+ 38. Kg4 Rf7 39. Kh3 h5 40. g4 hxg4+ 41. Kxg4 Ne3+ 42. Kg3 Rxf2 43. Kxf2 g5 44. Kf3 a5 45. h3 d5 46. Bg6 Kf6 47. Bd3 Nc4 48. Ke2 Ne5 49. Bh7 Ke6 50. Bg8+ Kd6 51. Kd2 Kc5 52. Be6 Nc4+ 53. Ke2 Nb6 54. Kf3 Kd6 55. Bf7 Nxa4 56. Be8 Nc3 57. Kg4 Ne4 58. Kf5 Nf2 59. Kxg5 Nxh3+ 60. Kg4 Nf2+ 61. Kf3 Nd1 62. Ke2 Nc3+ 63. Kd3 Kc5 64. Kd2 a4 65. Kc1 a3 66. Bf7 Na2+ 67. Kd2 Nb4 68. Kc1 Kc4 69. Bg6 Kc3 70. Kb1 Nxc2 0-1

[Event "Chigorin Memorial 24th"]
[Site "St Petersburg"]
[Date "2016.10.15"]
[Round "1"]
[White "Schekachikhin, Maksim"]
[Black "Myshkovskiy, Sviatoslav"]
[Result "1-0"]
[WhiteElo "2347"]
[BlackElo "2093"]
[PlyCount "77"]
[EventDate "2016.10.15"]
[EventType "swiss"]
[EventRounds "9"]
[EventCountry "RUS"]
[SourceTitle "CBM 175 Extra"]
[Source "ChessBase"]
[SourceDate "2016.12.12"]
[SourceVersion "1"]
[SourceVersionDate "2016.12.12"]
[SourceQuality "1"]

1. d4 Nf6 2. c4 g6 3. Nc3 d5 4. Nf3 Bg7 5. e3 c5 6. dxc5 Qa5 7. cxd5 Ne4 8. Bd2 Nxc3 9. Bxc3 Bxc3+ 10. bxc3 Qxc5 11. Qd4 Qxd4 12. Nxd4 0-0 13. Be2 Rd8 14. e4 Nd7 15. c4 Nc5 16. f3 Bd7 17. Kf2 Rac8 18. Ke3 Rc7 19. f4 Rdc8 20. Rac1 Na4 21. Nb3 b6 22. e5 Rd8 23. g4 Bc8 24. Nd4 Bd7 25. h4 Rdc8 26. Nb3 b5 27. cxb5 Nc3 28. Bf3 Nxa2 29. Rxc7 Rxc7 30. Nd4 Rc3+ 31. Kf2 Rc5 32. Ra1 Nc3 33. Rxa7 Bxb5 34. Nb3 Rxd5 35. Bxd5 Nxd5 36. Nd4 Be8 37. Ra8 Kf8 38. f5 Nf4 39. Nb5 1-0